00563nam a22001817a 450000500170000001000150001702000270003203500140005903700150007308200110008824500770009926000450017627000670022130000240028850000290031270000190034170000210036020180711145912.0 aENG-123445 c1995.00a9780199469420 aEN-106977 bDBAD/PUB.  a709.54 aOxford reading in indian art /ced. by B.N. Goswamy [and] Vrinda Agarwal aNew DelhibOxford University Pressc2018 a2/11, Ground Floor, Ansari Road, Daryaganj,bNew Delhie110002 axix,535p.c24cm(Hb) aIt includes bibliography aGoswamy B.N.  a Agarwal, Vrinda